A review of environmental audit / (Record no. 164555)

MARC details
000 -LEADER
fixed length control field 00659nam a22002057a 4500
005 - DATE AND TIME OF LATEST TRANSACTION
control field 20190522162658.0
010 ## - LCCN (DPL NO)
LC control number ENG-125265
020 ## - INTERNATIONAL STANDARD BOOK NUMBER
International Standard Book Number 9788186772584
Terms of availability 695.00
035 ## - SYSTEM CONTROL NUMBER
System control number EN-108797
037 ## - SOURCE OF ACQUISITION
Source of stock number/acquisition DBAD/PUB
082 ## - DEWEY DECIMAL CLASSIFICATION NUMBER
Classification number 363.706
245 ## - TITLE STATEMENT
Title A review of environmental audit /
Statement of responsibility, etc ed. by Bikash Bhusan Sen, Islam Uddin Khan [and] Manish Baidya
260 ## - PUBLICATION, DISTRIBUTION, ETC. (IMPRINT)
Place of publication, distribution, etc New Delhi
Name of publisher, distributor, etc New Academic Publishers
Date of publication, distribution, etc 2013
270 ## - ADDRESS
Address 4760-61, 23, Ansari Road, Daryaganj
City New Delhi
Postal code 110002
300 ## - PHYSICAL DESCRIPTION
Extent 146p.
Dimensions 23cm(Hb)
700 ## - ADDED ENTRY--PERSONAL NAME
Personal name Sen, Bikash Bhusan
700 ## - ADDED ENTRY--PERSONAL NAME
Personal name Khan, ISlam Uddin
700 ## - ADDED ENTRY--PERSONAL NAME
Personal name Baidya, Manish
942 ## - ADDED ENTRY ELEMENTS (KOHA)
Source of classification or shelving scheme Dewey Decimal Classification
Item type English Books
Classification part 363.706
Call number suffix ENV
Holdings
Withdrawn status Lost status Not for loan Collection code Home library Current library Date acquired Source of acquisition Cost, normal purchase price Full call number Barcode Copy number Cost, replacement price Koha item type
    Not For Loan Non-fiction D.B.Act.Division Central Library 22/05/2019 DBAD/PUB 695.00 363.706 ENV EN-108797 1 695.00 English Books

© Delhi Public Library
Hit Counter
free hit counter